Automatická klasifikácia indikátorov kredibility spravodajského obsahu a ich vývoj v čase

Salvato in:
Dettagli Bibliografici
Autore principale: Šilhavík, Martin (Autore)
Altri autori: Srba, Ivan (Relatore della tesi)
Natura: Manoscritto Libro
Lingua:slovacco
Pubblicazione: Bratislava : STU v Bratislave FEI, 2022
Soggetti:
Accesso online:https://opac.crzp.sk/?fn=detailBiblioFormChildEE5U9&sid=7E432E204D1F6C3299598E3802D8&seo=CRZP-detail-kniha
Tags: Aggiungi Tag
Nessun Tag, puoi essere il primo ad aggiungerne!!

MARC

LEADER 00000ntm a22000003a 4500
001 stuzp90158
003 SK-STU
005 20230213103010.1
007 ta
008 150427s2015----xo-----f-mn---000-0-slo-d
040 |a STU  |b slo 
041 0 |a slo 
044 |a xo 
100 1 |a Šilhavík, Martin  |u 035000  |4 aut  |U FEI Fakulta elektrotechniky a informatiky  |T FEI Ústav informatiky a matematiky  |X 74813  |U E050  |Y 816  |7 74813 
242 0 1 |a Automatic classification of news credibility indicators and their evolution in time  |y eng 
245 1 0 |a Automatická klasifikácia indikátorov kredibility spravodajského obsahu a ich vývoj v čase 
260 |a Bratislava :  |b STU v Bratislave FEI,  |c 2022 
300 |a 63 s., príl. 
650 4 |a indikátory  |2 slo 
650 4 |a strojové učenie  |2 slo 
650 4 |a kredibilita  |2 slo 
650 4 |a credibility  |2 eng 
650 4 |a indicators  |2 eng 
650 4 |a machine learning  |2 eng 
700 1 |a Srba, Ivan  |4 ths  |X 47914  |7 47914 
856 4 |u https://opac.crzp.sk/?fn=detailBiblioFormChildEE5U9&sid=7E432E204D1F6C3299598E3802D8&seo=CRZP-detail-kniha